000 00263nam a22001217a 4500
082 _a823
_bWEA/R
100 _aWEAR, GEORGE F
245 _aRED SEA TREASURE
300 _a110
520 _aENGLISH SHORT STORY
650 _aENGLISH SHORT STORY
_zKERALA
942 _cBK
999 _c5955
_d5955